000 00549nam a2200193Ia 4500
008 131103s9999 xx 000 0 und d
040 _aLoreto College
041 _aEnglish
082 _a944.05/BUR
_bLCLIB/
100 _aBurton, R G
245 _aNapoleon's campaigns in Italy 1796 - 1797 & 1800
_cR G Burton
260 _aLondon
_bGeorge Allen & Unwin
_c1953
300 _ax,142p.
_b ill.
_c 19cm.
440 _aSpecial campaign series; No.15
650 _aHistory
651 _aFrance - History
850 _aLCLIB/944.05/BUR
942 _cBK
999 _c25073
_d75552